[Event "Titled Tuesday intern op 12th Dec Early"]
[Site "Chess.com INT"]
[Date "2023.12.12"]
[Round "1"]
[White "Gong, Qianyun"]
[Black "Daroczi, Donat"]
[Result "0-1"]
[WhiteElo "2263"]
[BlackElo "2159"]
[PlyCount "74"]
[EventDate "2023.12.12"]
[EventType "swiss (blitz)"]
[EventRounds "11"]
[EventCountry "USA"]
[SourceTitle "CB51_2023"]
[SourceDate "2023.12.20"]
[SourceVersion "1"]
[SourceVersionDate "2023.12.20"]
[SourceQuality "1"]

1. e4 Nc6 2. Nf3 d6 3. d4 g6 4. Nc3 Bg7 5. h3 e5 6. d5 Nd4 7. Be3 Nxf3+ 8. Qxf3 Ne7 9. g4 0-0 10. Rg1 c6 11. 0-0-0 cxd5 12. exd5 f5 13. gxf5 Nxf5 14. Bg5 Qa5 15. Qd3 Nd4 16. Qc4 Rxf2 17. Bd3 Bf5 18. Be3 Bxd3 19. cxd3 Rc2+ 20. Kb1 Rh2 21. Bxd4 exd4 22. Ne4 Qb6 23. b3 a5 24. Rc1 a4 25. b4 a3 26. Ka1 Qd8 27. Rgf1 Qh4 28. Nxd6 Qg3 29. Qc8+ Rxc8 30. Rxc8+ Bf8 31. Rcxf8+ Kg7 32. R8f7+ Kh6 33. R7f6 Qg2 34. Nf5+ Kg5 35. Rxg6+ hxg6 36. Rf2 Qg1+ 37. Rf1 Qxf1# 0-1

[Event "Titled Tuesday intern op 12th Dec Early"]
[Site "Chess.com INT"]
[Date "2023.12.12"]
[Round "2"]
[White "Zavgorodniy, Sergiy"]
[Black "Daroczi, Donat"]
[Result "1-0"]
[WhiteElo "2407"]
[BlackElo "2159"]
[PlyCount "39"]
[EventDate "2023.12.12"]
[EventType "swiss (blitz)"]
[EventRounds "11"]
[EventCountry "USA"]
[SourceTitle "CB51_2023"]
[SourceDate "2023.12.20"]
[SourceVersion "1"]
[SourceVersionDate "2023.12.20"]
[SourceQuality "1"]

1. e4 Nc6 2. Nf3 d6 3. Bb5 g6 4. d4 a6 5. Bxc6+ bxc6 6. h3 Bg7 7. Nc3 Nf6 8. Bg5 0-0 9. Qd2 Rb8 10. 0-0-0 Be6 11. Rhe1 Qc8 12. e5 Nd5 13. Nxd5 Bxd5 14. Bxe7 Re8 15. exd6 Bxa2 16. Qa5 Be6 17. Qxc7 Qxc7 18. dxc7 Rb7 19. Rxe6 fxe6 20. Bd8 1-0

[Event "Titled Tuesday intern op 26th Sep Early"]
[Site "Chess.com INT"]
[Date "2023.09.26"]
[Round "2"]
[White "Bournel, Antoine"]
[Black "Daroczi, Donat"]
[Result "1-0"]
[WhiteElo "2334"]
[BlackElo "2105"]
[PlyCount "115"]
[EventDate "2023.09.26"]
[EventType "swiss (blitz)"]
[EventRounds "11"]
[EventCountry "USA"]
[SourceTitle "EXT 2024"]
[Source "ChessBase"]
[SourceDate "2023.10.10"]
[SourceVersion "1"]
[SourceVersionDate "2023.10.10"]
[SourceQuality "1"]

1. d4 c5 2. d5 e5 3. c4 d6 4. Nc3 g6 5. e4 Bg7 6. Bd3 Ne7 7. g4 0-0 8. Bg5 f6 9. Bh4 g5 10. Bg3 Ng6 11. f3 Nf4 12. h4 a6 13. a4 Qa5 14. Kf1 Rf7 15. Be1 Qd8 16. Nge2 Nd7 17. Ng3 Nf8 18. Rh2 N8g6 19. h5 Ne7 20. Kg1 Bd7 21. Bf1 Rb8 22. Qc1 Nc8 23. Rb1 a5 24. Kf2 Nb6 25. b3 Nc8 26. Ke3 b6 27. Kd2 h6 28. Kc2 Kh7 29. Kb2 Be8 30. Ka2 Bd7 31. Nd1 Ne7 32. Ne3 Rf8 33. Bc3 Re8 34. Qd2 Qc7 35. Re1 Qd8 36. Bd3 Rf8 37. Bc2 Qe8 38. Nef5 Nxf5 39. exf5 Rf7 40. Ne4 Bf8 41. Bb1 Kg7 42. Bc2 Qd8 43. Rhh1 Qc7 44. Re3 Rd8 45. Rhe1 Re7 46. Bb1 Ree8 47. Qb2 Rb8 48. Qf2 Rb7 49. Qb2 Reb8 50. Qf2 Ra8 51. Qb2 b5 52. cxb5 Bxb5 53. Nxf6 Kxf6 54. Rxe5 Kf7 55. Re6 Nxd5 56. Be4 Bxa4 57. Bxd5 Bc6 58. Re7# 1-0

[Event "Titled Tuesday intern op 26th Sep Early"]
[Site "Chess.com INT"]
[Date "2023.09.26"]
[Round "3"]
[White "Daroczi, Donat"]
[Black "Krzywda, Andrzej"]
[Result "0-1"]
[WhiteElo "2105"]
[BlackElo "2210"]
[PlyCount "46"]
[EventDate "2023.09.26"]
[EventType "swiss (blitz)"]
[EventRounds "11"]
[EventCountry "USA"]
[SourceTitle "EXT 2024"]
[Source "ChessBase"]
[SourceDate "2023.10.10"]
[SourceVersion "1"]
[SourceVersionDate "2023.10.10"]
[SourceQuality "1"]

1. Nf3 d5 2. c4 e6 3. e3 Nf6 4. b3 Nbd7 5. Bb2 Bd6 6. d4 dxc4 7. bxc4 c5 8. Nc3 cxd4 9. exd4 0-0 10. Bd3 e5 11. 0-0 exd4 12. Nxd4 Nc5 13. Bc2 a6 14. Qf3 Bxh2+ 15. Kxh2 Qxd4 16. Rh1 Bg4 17. Qg3 Bh5 18. Kg1 Bg6 19. Rh4 Qd2 20. Bxg6 fxg6 21. Ba3 Rac8 22. Rd1 Qc2 23. Nd5 Qxd1+ 0-1

[Event "Titled Tuesday intern op 12th Sep Late"]
[Site "Chess.com INT"]
[Date "2023.09.12"]
[Round "6"]
[White "Daroczi, Donat"]
[Black "Dyachuk, Artem"]
[Result "1-0"]
[WhiteElo "2105"]
[BlackElo "2236"]
[PlyCount "89"]
[EventDate "2023.09.12"]
[EventType "swiss (blitz)"]
[EventRounds "11"]
[EventCountry "USA"]
[SourceTitle "EXT 2024"]
[Source "ChessBase"]
[SourceDate "2023.10.10"]
[SourceVersion "1"]
[SourceVersionDate "2023.10.10"]
[SourceQuality "1"]

1. e4 c5 2. Nf3 d6 3. d4 cxd4 4. Nxd4 Nf6 5. Nc3 Nc6 6. Bg5 Bd7 7. Bb5 Nxd4 8. Bxd7+ Nxd7 9. Qxd4 h6 10. Bh4 Qa5 11. 0-0-0 Rc8 12. Kb1 Rg8 13. Rhe1 g5 14. Bg3 Bg7 15. e5 Nxe5 16. Qe4 Rc6 17. Nd5 Qb5 18. Qh7 Kf8 19. b4 Qc4 20. c3 Ng6 21. Nxe7 Nxe7 22. Bxd6 Rxd6 23. Rxd6 Qc7 24. Red1 Nc6 25. Qf5 Qe7 26. Rd7 Qe8 27. Rxb7 Bxc3 28. Qc5+ Kg7 29. Qxc3+ Kh7 30. Rc1 Ne5 31. Qc2+ Rg6 32. Rc7 Ng4 33. Rc3 Nf6 34. Rf3 Kg7 35. h3 g4 36. hxg4 Rxg4 37. Qf5 Rg6 38. Rc4 Qe1+ 39. Kb2 Qd2+ 40. Qc2 Qd5 41. Rcf4 Qe5+ 42. Qc3 Qe2+ 43. Kb3 a5 44. Rxf6 a4+ 45. Kxa4 1-0

[Event "Titled Tuesday intern op 12th Sep Late"]
[Site "Chess.com INT"]
[Date "2023.09.12"]
[Round "3"]
[White "Daroczi, Donat"]
[Black "Rees, Ioan"]
[Result "0-1"]
[WhiteElo "2105"]
[BlackElo "2289"]
[PlyCount "130"]
[EventDate "2023.09.12"]
[EventType "swiss (blitz)"]
[EventRounds "11"]
[EventCountry "USA"]
[SourceTitle "EXT 2024"]
[Source "ChessBase"]
[SourceDate "2023.10.10"]
[SourceVersion "1"]
[SourceVersionDate "2023.10.10"]
[SourceQuality "1"]

1. e4 e5 2. Nf3 Nc6 3. Bb5 Nf6 4. d3 Bc5 5. 0-0 Nd4 6. Nxd4 Bxd4 7. c3 Bb6 8. Nd2 0-0 9. Nf3 d5 10. Qe2 Bg4 11. Bg5 c6 12. Ba4 h6 13. Bh4 Qd6 14. h3 Bh5 15. exd5 Qxd5 16. Bxf6 gxf6 17. Bb3 Bxf3 18. Qxf3 Qxf3 19. gxf3 Rad8 20. Rad1 Kg7 21. Kg2 f5 22. f4 e4 23. dxe4 fxe4 24. f5 Kf6 25. Rxd8 Rxd8 26. Rd1 Kxf5 27. Rxd8 Bxd8 28. Bxf7 Bf6 29. Kf1 Kf4 30. Ke2 c5 31. Bd5 b6 32. Bc4 Bg5 33. a4 Be7 34. Be6 Bd6 35. Bc4 Be5 36. Be6 Bf6 37. Bc4 Bg5 38. Be6 Ke5 39. Bc4 Kd6 40. Bb5 Kd5 41. b3 Bf6 42. Bc4+ Ke5 43. Bg8 Kf4 44. c4 Bd4 45. Bd5 e3 46. fxe3+ Bxe3 47. Kd3 Bd4 48. Bc6 Kg3 49. Bd5 Kxh3 50. Ke2 Kg3 51. Be4 h5 52. Bd5 h4 53. Kf1 h3 54. Be4 h2 55. Bd5 Kf4 56. Kg2 Bg1 57. Bc6 Ke3 58. Bb5 Kd2 59. Kh1 Kc3 60. Kg2 Kxb3 61. Kh1 Kb4 62. Kg2 Ka5 63. Kh1 a6 64. Bc6 Kb4 65. Bb7 a5 0-1

[Event "HUN-ch U16/18"]
[Site "Buek"]
[Date "2023.06.24"]
[Round "7"]
[White "Daroczi, Donat"]
[Black "Szabo, Abel"]
[Result "0-1"]
[WhiteElo "2143"]
[BlackElo "2207"]
[PlyCount "112"]
[EventDate "2023.06.17"]
[EventType "swiss"]
[EventRounds "9"]
[EventCountry "HUN"]
[SourceTitle "CBM 215 Extra"]
[Source "ChessBase"]
[SourceDate "2023.09.30"]
[SourceVersion "1"]
[SourceVersionDate "2023.09.30"]
[SourceQuality "1"]

1. e4 c5 2. Nf3 Nc6 3. Nc3 e5 4. Bc4 d6 5. d3 Be7 6. Nd2 Nf6 7. Nf1 Bg4 8. f3 Be6 9. Ne3 0-0 10. a4 Nd7 11. 0-0 Bg5 12. Ncd5 Bxe3+ 13. Bxe3 Nb6 14. c3 Bxd5 15. Bxd5 Nxd5 16. exd5 Ne7 17. Qb3 Rb8 18. Rfe1 Nf5 19. Bf2 Qg5 20. Re4 Qg6 21. Rc1 Rfc8 22. Rc4 Qg5 23. Qc2 Ne3 24. Bxe3 Qxe3+ 25. Kf1 b5 26. axb5 Rxb5 27. Ra1 Rb7 28. Rca4 Rcb8 29. R1a2 g6 30. Ra6 c4 31. dxc4 Qf4 32. R6a4 Qxh2 33. Qe2 Qh1+ 34. Kf2 Qc1 35. Ra1 Qxb2 36. Qxb2 Rxb2+ 37. Kg3 Rc2 38. R1a2 Rxc3 39. Rxa7 Rxc4 40. Rd7 Rb6 41. Raa7 Rf4 42. Rac7 Kg7 43. Rc6 Rxc6 44. dxc6 Rc4 45. Rxd6 Rc5 46. Kg4 Kf8 47. Kg5 Ke7 48. Rd7+ Ke6 49. Rc7 e4+ 50. Kf4 exf3 51. gxf3 h5 52. Rc8 Kd6 53. Rf8 Rf5+ 54. Ke4 Kxc6 55. Rd8 h4 56. Rh8 Rh5 0-1

[Event "Titled Tuesday intern op 13th Jun Early"]
[Site "Chess.com INT"]
[Date "2023.06.13"]
[Round "5"]
[White "Daroczi, Donat"]
[Black "Shuvalov, Evgenij"]
[Result "0-1"]
[WhiteElo "2143"]
[BlackElo "2038"]
[PlyCount "62"]
[EventDate "2023.06.13"]
[EventType "swiss (blitz)"]
[EventRounds "11"]
[EventCountry "USA"]
[SourceTitle "EXT 2024"]
[Source "ChessBase"]
[SourceDate "2023.10.10"]
[SourceVersion "1"]
[SourceVersionDate "2023.10.10"]
[SourceQuality "1"]

1. d4 Nf6 2. Nf3 d5 3. g3 Bf5 4. Bg2 e6 5. 0-0 Be7 6. c4 c6 7. Nc3 h6 8. b3 Nbd7 9. Bb2 0-0 10. Re1 Bb4 11. a3 Bxc3 12. Bxc3 Ne4 13. Bb2 a5 14. Nd2 Ndf6 15. Nf1 Bh7 16. f3 Nd6 17. Nd2 dxc4 18. bxc4 Qb6 19. Rb1 Bxb1 20. Qxb1 Nf5 21. e3 c5 22. g4 Nh4 23. Bf1 Rfd8 24. Qc2 a4 25. Bc3 Qc6 26. Be2 Nxg4 27. d5 exd5 28. fxg4 d4 29. Qe4 dxc3 30. Qxc6 cxd2 31. Rd1 bxc6 0-1

[Event "Titled Tuesday intern op 13th Jun Early"]
[Site "Chess.com INT"]
[Date "2023.06.13"]
[Round "6"]
[White "Sailer, Mike L"]
[Black "Daroczi, Donat"]
[Result "1-0"]
[WhiteElo "2109"]
[BlackElo "2143"]
[PlyCount "41"]
[EventDate "2023.06.13"]
[EventType "swiss (blitz)"]
[EventRounds "11"]
[EventCountry "USA"]
[SourceTitle "EXT 2024"]
[Source "ChessBase"]
[SourceDate "2023.10.10"]
[SourceVersion "1"]
[SourceVersionDate "2023.10.10"]
[SourceQuality "1"]

1. d4 f5 2. Bg5 g6 3. e4 fxe4 4. Nc3 Bg7 5. Nxe4 Nf6 6. Nxf6+ exf6 7. Bf4 0-0 8. Qd2 Re8+ 9. Be2 b6 10. 0-0-0 Bb7 11. Bf3 Bxf3 12. Nxf3 Nc6 13. h4 d6 14. Bh6 Qd7 15. Bxg7 Kxg7 16. h5 g5 17. h6+ Kg8 18. Nxg5 fxg5 19. Qxg5+ Kf7 20. Rh3 Rf8 21. Rf3+ 1-0

[Event "Titled Tuesday intern op 30th May Late"]
[Site "Chess.com INT"]
[Date "2023.05.30"]
[Round "3"]
[White "Bezerra, Natacio Goncalves"]
[Black "Daroczi, Donat"]
[Result "0-1"]
[WhiteElo "1991"]
[BlackElo "2143"]
[PlyCount "44"]
[EventDate "2023.05.30"]
[EventType "swiss (blitz)"]
[EventRounds "11"]
[EventCountry "USA"]
[SourceTitle "CBM 214 Extra"]
[Source "ChessBase"]
[SourceDate "2023.07.31"]
[SourceVersion "1"]
[SourceVersionDate "2023.07.31"]
[SourceQuality "1"]

1. e4 f5 2. exf5 d6 3. Bd3 Nf6 4. c3 e5 5. fxe6 Bxe6 6. Nf3 Nc6 7. Bc2 Qd7 8. d4 0-0-0 9. Bg5 Bc4 10. Bd3 Re8+ 11. Kf1 Be6 12. Nbd2 Bg4 13. h3 Bh5 14. g4 Bf7 15. b4 Kb8 16. b5 Ne7 17. a4 h5 18. Bxf6 gxf6 19. g5 Be6 20. gxf6 Bxh3+ 21. Kg1 Rg8+ 22. Kh2 Rg2# 0-1

[Event "Titled Tuesday intern op 30th May Late"]
[Site "Chess.com INT"]
[Date "2023.05.30"]
[Round "5"]
[White "Bilan, Danila"]
[Black "Daroczi, Donat"]
[Result "0-1"]
[WhiteElo "2303"]
[BlackElo "2143"]
[PlyCount "118"]
[EventDate "2023.05.30"]
[EventType "swiss (blitz)"]
[EventRounds "11"]
[EventCountry "USA"]
[SourceTitle "CBM 214 Extra"]
[Source "ChessBase"]
[SourceDate "2023.07.31"]
[SourceVersion "1"]
[SourceVersionDate "2023.07.31"]
[SourceQuality "1"]

1. d4 g6 2. Nf3 Bg7 3. Bg5 Nf6 4. c3 0-0 5. Nbd2 d5 6. e3 c5 7. Bd3 b6 8. e4 dxe4 9. Nxe4 Bb7 10. Qe2 Nbd7 11. 0-0 Rc8 12. Rad1 cxd4 13. Nxd4 Qc7 14. Nb5 Qb8 15. Bh4 a6 16. Nd4 b5 17. Bg3 Qa7 18. Nxf6+ Bxf6 19. Be4 Rfe8 20. h4 Nc5 21. Bb1 e5 22. Nf3 Qa8 23. h5 Bd5 24. hxg6 hxg6 25. Ne1 Bc4 26. Nd3 e4 27. Qe3 Nxd3 28. b3 Bd5 29. Bc2 Rxc3 30. Bb1 Qc6 31. Qh6 Bg7 32. Qh3 Nf4 33. Qg4 Nd3 34. Rd2 Bh6 35. Re2 Nc1 36. Ree1 e3 37. fxe3 Bxg2 38. Rf2 Be4 39. Bf4 Bxf4 40. exf4 Bxb1 41. Rxe8+ Qxe8 42. f5 Bxf5 43. Rxf5 Qe1+ 44. Rf1 Ne2+ 45. Kh2 Qg3+ 46. Qxg3 Nxg3 47. Rf2 Nf5 48. Rd2 Kg7 49. Kg2 Rc2 50. Rf2 Rxf2+ 51. Kxf2 Kf6 52. a4 Ke5 53. a5 g5 54. Kf3 Nd4+ 55. Kg4 f6 56. Kg3 Nxb3 57. Kg4 Nxa5 58. Kf3 b4 59. Kg4 b3 0-1

[Event "Titled Tuesday intern op 30th May Late"]
[Site "Chess.com INT"]
[Date "2023.05.30"]
[Round "1"]
[White "Daroczi, Donat"]
[Black "Grutter, Tim"]
[Result "0-1"]
[WhiteElo "2143"]
[BlackElo "2338"]
[PlyCount "92"]
[EventDate "2023.05.30"]
[EventType "swiss (blitz)"]
[EventRounds "11"]
[EventCountry "USA"]
[SourceTitle "CBM 214 Extra"]
[Source "ChessBase"]
[SourceDate "2023.07.31"]
[SourceVersion "1"]
[SourceVersionDate "2023.07.31"]
[SourceQuality "1"]

1. d4 Nf6 2. Nf3 e6 3. g3 c5 4. Bg2 cxd4 5. Nxd4 Nc6 6. 0-0 Qb6 7. Nb3 Be7 8. c4 d6 9. Nc3 0-0 10. e4 a6 11. Be3 Qc7 12. Qe2 Ne5 13. Nd2 Neg4 14. Rac1 Nxe3 15. Qxe3 Bd7 16. h3 Rac8 17. b3 Bc6 18. f4 Nd7 19. Nf3 b6 20. Nd5 Qd8 21. Nxe7+ Qxe7 22. Nd4 Bb7 23. Kh2 Nc5 24. b4 Nd7 25. a3 Rfd8 26. h4 Nf6 27. Bf3 Bxe4 28. Kg2 Bxf3+ 29. Qxf3 Qd7 30. Rfd1 Qa4 31. h5 h6 32. g4 d5 33. g5 Ne4 34. gxh6 gxh6 35. Kh2 Kh8 36. f5 e5 37. Qe3 Kh7 38. Nf3 f6 39. Rg1 Qe8 40. Rg6 Ng5 41. Rxf6 Qxh5+ 42. Kg2 Rg8 43. Kf2 Ne4+ 44. Ke2 Nxf6 45. Qxe5 Rce8 46. Kd3 Qxf3+ 0-1

[Event "Titled Tuesday intern op 30th May Late"]
[Site "Chess.com INT"]
[Date "2023.05.30"]
[Round "4"]
[White "Daroczi, Donat"]
[Black "Jovic, Stanoje"]
[Result "1-0"]
[WhiteElo "2143"]
[BlackElo "2075"]
[PlyCount "63"]
[EventDate "2023.05.30"]
[EventType "swiss (blitz)"]
[EventRounds "11"]
[EventCountry "USA"]
[SourceTitle "CBM 214 Extra"]
[Source "ChessBase"]
[SourceDate "2023.07.31"]
[SourceVersion "1"]
[SourceVersionDate "2023.07.31"]
[SourceQuality "1"]

1. d4 Nf6 2. Nf3 e6 3. b3 b6 4. Bb2 Bb7 5. e3 Be7 6. Be2 0-0 7. c4 d5 8. Nc3 Nbd7 9. 0-0 Ne4 10. Rc1 f5 11. Ne1 Bg5 12. Qd3 a6 13. Nd1 f4 14. f3 Nd6 15. c5 e5 16. cxd6 cxd6 17. exf4 Bxf4 18. Rc2 e4 19. fxe4 dxe4 20. Qh3 d5 21. Ne3 Bg5 22. Rxf8+ Nxf8 23. Bg4 g6 24. Rf2 h5 25. Be6+ Kh8 26. N1c2 Bc8 27. Bxc8 Rxc8 28. Ba3 Nh7 29. Rf7 Nf6 30. Qe6 Rc3 31. Rf8+ Qxf8 32. Bxf8 1-0

[Event "Titled Tuesday intern op 30th May Late"]
[Site "Chess.com INT"]
[Date "2023.05.30"]
[Round "2"]
[White "Rengifo Blancas, Renzo Jhonathan"]
[Black "Daroczi, Donat"]
[Result "1-0"]
[WhiteElo "2131"]
[BlackElo "2143"]
[PlyCount "81"]
[EventDate "2023.05.30"]
[EventType "swiss (blitz)"]
[EventRounds "11"]
[EventCountry "USA"]
[SourceTitle "CBM 214 Extra"]
[Source "ChessBase"]
[SourceDate "2023.07.31"]
[SourceVersion "1"]
[SourceVersionDate "2023.07.31"]
[SourceQuality "1"]

1. e4 g6 2. e5 Bg7 3. f4 d6 4. Nf3 c5 5. c3 dxe5 6. fxe5 Nc6 7. Qa4 Bd7 8. Qe4 Bf5 9. Qa4 Bd7 10. Qe4 Bf5 11. Qe3 Bg4 12. Bb5 Qc7 13. Qxc5 Bxf3 14. gxf3 Qxe5+ 15. Qxe5 Bxe5 16. d4 Bg7 17. d5 a6 18. dxc6 axb5 19. cxb7 Rb8 20. a4 Rxb7 21. axb5 Rxb5 22. Ra8+ Kd7 23. 0-0 Nf6 24. Rd1+ Kc6 25. Rxh8 Bxh8 26. Na3 Rb8 27. Nc4 Nd7 28. Na5+ Kc7 29. Bf4+ e5 30. Be3 Rxb2 31. Nc4 Rc2 32. Na3 Ra2 33. Nb5+ Kc6 34. c4 Nf6 35. Rd6+ Kb7 36. Rb6+ Kc8 37. Nd6+ Kd7 38. Nxf7 Bg7 39. Rb7+ Kc8 40. Nd6+ Kd8 41. Bb6# 1-0

[Event "Titled Tuesday intern op 02nd May Late"]
[Site "Chess.com INT"]
[Date "2023.05.02"]
[Round "6"]
[White "Daroczi, Donat"]
[Black "Bilan, Danila"]
[Result "0-1"]
[WhiteElo "2143"]
[BlackElo "2303"]
[PlyCount "154"]
[EventDate "2023.05.02"]
[EventType "swiss (blitz)"]
[EventRounds "11"]
[EventCountry "USA"]
[SourceTitle "EXT 2024"]
[Source "ChessBase"]
[SourceDate "2023.10.10"]
[SourceVersion "1"]
[SourceVersionDate "2023.10.10"]
[SourceQuality "1"]

1. Nf3 d5 2. b3 Nf6 3. Bb2 c5 4. e3 Nc6 5. Be2 Bf5 6. 0-0 e6 7. c4 h6 8. d4 Be7 9. Nbd2 cxd4 10. exd4 0-0 11. Ne5 Rc8 12. Ndf3 Ne4 13. Nxc6 Rxc6 14. Ne5 Rc8 15. f3 Nf6 16. Bd3 Bxd3 17. Qxd3 dxc4 18. bxc4 Qb6 19. Rab1 Rfd8 20. Ba1 Qc7 21. Rfc1 Qxe5 22. dxe5 Rxd3 23. exf6 Bc5+ 24. Kh1 b6 25. fxg7 Rcd8 26. Bf6 R8d7 27. h4 Bd4 28. Bxd4 R3xd4 29. c5 Rxh4+ 30. Kg1 bxc5 31. Rxc5 Kxg7 32. Rcb5 Ra4 33. R1b2 Rad4 34. Rb7 Kf6 35. Rxd7 Rxd7 36. Rb4 Rd5 37. Ra4 a5 38. Kf2 Kg5 39. Kg3 e5 40. Rg4+ Kf5 41. Rh4 f6 42. Ra4 Ke6 43. Kf2 Kf5 44. Kg3 h5 45. Kf2 Kg5 46. Ke3 Rb5 47. Kf2 Kf5 48. Ke3 Rb2 49. g4+ hxg4 50. fxg4+ Kg5 51. Kf3 Rb5 52. Kg3 Rb4 53. Rxa5 Rxg4+ 54. Kf3 Rc4 55. a4 Kf5 56. Ra8 Rc3+ 57. Ke2 Ra3 58. a5 Ke4 59. a6 Ra2+ 60. Kd1 f5 61. a7 f4 62. Ke1 Kf3 63. Re8 Ra1+ 64. Kd2 Rxa7 65. Rxe5 Kf2 66. Rf5 Rd7+ 67. Kc3 f3 68. Rf4 Ke2 69. Re4+ Kf1 70. Re8 f2 71. Kc2 Rg7 72. Kd2 Kg2 73. Re2 Kg1 74. Ke3 f1Q 75. Rd2 Re7+ 76. Kd4 Rd7+ 77. Kc3 Qc1+ 0-1

[Event "Budapest Vezerkepzo IM-A 04"]
[Site "Budapest"]
[Date "2023.04.19"]
[Round "7"]
[White "Daroczi, Donat"]
[Black "Isha, Sharma"]
[Result "0-1"]
[WhiteElo "2214"]
[BlackElo "2216"]
[PlyCount "112"]
[EventDate "2023.04.13"]
[EventType "tourn"]
[EventRounds "9"]
[EventCountry "HUN"]
[SourceTitle "CBM 213 Extra"]
[Source "ChessBase"]
[SourceDate "2023.05.31"]
[SourceVersion "1"]
[SourceVersionDate "2023.05.31"]
[SourceQuality "1"]

1. e4 e5 2. Nf3 Nc6 3. Bb5 a6 4. Ba4 Nf6 5. Nc3 d6 6. 0-0 b5 7. Bb3 Na5 8. d3 Be7 9. Ne2 0-0 10. Ng3 c5 11. c3 Nxb3 12. axb3 Re8 13. c4 Qb6 14. Ne1 Bg4 15. Qd2 Nd7 16. h3 Be6 17. Nc2 Nb8 18. Ne3 Nc6 19. Ne2 Bg5 20. Nd5 Bxd5 21. Qxg5 Be6 22. Qg3 Kh8 23. Rb1 Na5 24. f4 f6 25. b4 cxb4+ 26. Be3 Qc6 27. b3 Nb7 28. Qe1 bxc4 29. bxc4 a5 30. Qd2 Nc5 31. Nc1 Reb8 32. Nb3 a4 33. Nxc5 dxc5 34. fxe5 fxe5 35. Qf2 Rc8 36. Qb2 Qd6 37. Rfd1 a3 38. Qb3 Bd7 39. Rd2 Ra6 40. Kh2 h6 41. Qa2 Rb8 42. Qb3 Rf8 43. Qa2 Raa8 44. Qa1 Rf6 45. Rb3 Raf8 46. Qg1 Rc8 47. Rb1 Ba4 48. Ra1 Rf7 49. Qc1 Rb7 50. Rb1 Kg8 51. Ra1 Be8 52. Qb1 Qa6 53. Qb3 Qa4 54. Qa2 b3 55. Qxa3 Qxa3 56. Rxa3 b2 0-1

[Event "Titled Tuesday intern op 28th Mar Early"]
[Site "Chess.com INT"]
[Date "2023.03.28"]
[Round "6"]
[White "Daroczi, Donat"]
[Black "Crevatin, Leo"]
[Result "0-1"]
[WhiteElo "2240"]
[BlackElo "2308"]
[PlyCount "82"]
[EventDate "2023.03.28"]
[EventType "swiss (blitz)"]
[EventRounds "11"]
[EventCountry "USA"]
[SourceTitle "EXT 2024"]
[Source "ChessBase"]
[SourceDate "2023.10.10"]
[SourceVersion "1"]
[SourceVersionDate "2023.10.10"]
[SourceQuality "1"]

1. Nc3 d5 2. d4 Nf6 3. Bf4 c5 4. dxc5 Nc6 5. Nf3 Bf5 6. e3 Rc8 7. Nd4 Bg4 8. f3 Bd7 9. Bb5 e6 10. Bxc6 bxc6 11. b4 Nh5 12. Bg3 Nxg3 13. hxg3 Qg5 14. Kf2 e5 15. Nb3 g6 16. a4 Bg7 17. Ne2 0-0 18. c3 Qe7 19. Qg1 e4 20. Ned4 exf3 21. gxf3 Rfe8 22. Re1 h5 23. Qh2 Bh6 24. f4 Bg7 25. Qh4 Bf6 26. Qh2 Qf8 27. Qg2 Re7 28. Qf1 Rce8 29. Qd3 Qg7 30. b5 Rc8 31. b6 axb6 32. cxb6 c5 33. Nb5 c4 34. Qxd5 cxb3 35. b7 Rb8 36. Nd6 Be6 37. Qc5 Qf8 38. Qb6 Qd8 39. Qb4 Rd7 40. Rd1 Be7 41. Qa5 Qxa5 0-1

[Event "Titled Tuesday intern op 28th Mar Early"]
[Site "Chess.com INT"]
[Date "2023.03.28"]
[Round "3"]
[White "Daroczi, Donat"]
[Black "Oganisjan, Roman"]
[Result "1-0"]
[WhiteElo "2240"]
[BlackElo "2245"]
[PlyCount "65"]
[EventDate "2023.03.28"]
[EventType "swiss (blitz)"]
[EventRounds "11"]
[EventCountry "USA"]
[SourceTitle "EXT 2024"]
[Source "ChessBase"]
[SourceDate "2023.10.10"]
[SourceVersion "1"]
[SourceVersionDate "2023.10.10"]
[SourceQuality "1"]

1. Nc3 e6 2. g3 f5 3. Bg2 Nf6 4. e4 fxe4 5. Nxe4 d5 6. Nxf6+ Qxf6 7. d4 c5 8. Nf3 Nc6 9. Bg5 Qg6 10. c3 cxd4 11. cxd4 Bb4+ 12. Bd2 Qe4+ 13. Qe2 0-0 14. Rd1 e5 15. Qxe4 dxe4 16. Nxe5 Nxd4 17. Bxb4 Nc2+ 18. Ke2 Nxb4 19. Bxe4 Be6 20. a3 Nc6 21. Nxc6 bxc6 22. Rd6 Rae8 23. f3 Bd5 24. Ke3 Rxf3+ 25. Kxf3 Bxe4+ 26. Kf2 Bxh1 27. Rd7 a5 28. Ra7 Bd5 29. Rxa5 Rf8+ 30. Ke2 Re8+ 31. Kf2 Rb8 32. b4 Rf8+ 33. Ke2 1-0

[Event "Titled Tuesday intern op 21st Mar Late"]
[Site "Chess.com INT"]
[Date "2023.03.21"]
[Round "5"]
[White "Blomqvist, Erik"]
[Black "Daroczi, Donat"]
[Result "0-1"]
[WhiteElo "2508"]
[BlackElo "2240"]
[PlyCount "56"]
[EventDate "2023.03.21"]
[EventType "swiss (blitz)"]
[EventRounds "11"]
[EventCountry "USA"]
[SourceTitle "EXT 2024"]
[Source "ChessBase"]
[SourceDate "2023.10.10"]
[SourceVersion "1"]
[SourceVersionDate "2023.10.10"]
[SourceQuality "1"]

1. d4 g6 2. e4 Nf6 3. e5 Nh5 4. Be2 d6 5. Nf3 dxe5 6. Nxe5 Nf6 7. 0-0 Bg7 8. c4 0-0 9. Nc3 Nbd7 10. f4 c6 11. Be3 h5 12. Qe1 Nxe5 13. fxe5 Ng4 14. Bxg4 Bxg4 15. Qh4 c5 16. Nd5 e6 17. Bg5 Qd7 18. Ne7+ Kh7 19. h3 Qxd4+ 20. Rf2 Bf5 21. g4 Bxe5 22. Re1 f6 23. Be3 Qxc4 24. b3 Qb4 25. Bd2 Qd4 26. Be3 Qb4 27. a3 Qxe1+ 28. Kg2 Be4+ 0-1

[Event "Titled Tuesday intern op 21st Mar Late"]
[Site "Chess.com INT"]
[Date "2023.03.21"]
[Round "7"]
[White "Daroczi, Donat"]
[Black "Papayan, Oleg"]
[Result "1-0"]
[WhiteElo "2240"]
[BlackElo "2253"]
[PlyCount "121"]
[EventDate "2023.03.21"]
[EventType "swiss (blitz)"]
[EventRounds "11"]
[EventCountry "USA"]
[SourceTitle "EXT 2024"]
[Source "ChessBase"]
[SourceDate "2023.10.10"]
[SourceVersion "1"]
[SourceVersionDate "2023.10.10"]
[SourceQuality "1"]

1. d3 d5 2. e3 e5 3. d4 Nc6 4. Nf3 e4 5. Nfd2 Nf6 6. c4 Ne7 7. b4 c6 8. Nc3 Ng6 9. b5 Bb4 10. Qb3 Bxc3 11. Qxc3 0-0 12. Ba3 Re8 13. Be2 Bg4 14. Bxg4 Nxg4 15. h3 Nf6 16. 0-0-0 cxb5 17. c5 a5 18. Bb2 b4 19. Qc2 a4 20. Kb1 Qa5 21. Qc1 Rec8 22. f3 b6 23. Nf1 bxc5 24. dxc5 Rxc5 25. Qd2 Rac8 26. Bd4 Rc4 27. Ng3 Qb5 28. Nf5 Qc6 29. Rc1 Qd7 30. g4 exf3 31. Nxg7 Kxg7 32. g5 Kg8 33. Bxf6 Qe6 34. h4 Qe4+ 35. Ka1 b3 36. h5 Rxc1+ 37. Rxc1 Rxc1+ 38. Qxc1 Qe7 39. Bxe7 Nxe7 40. Qc5 Kf8 41. axb3 axb3 42. Qd6 Ke8 43. Qf6 Kd7 44. Qxf3 Ke6 45. Qf6+ Kd7 46. Qxf7 Kd6 47. Qxh7 Nc6 48. Qg6+ Kc5 49. h6 Nb4 50. h7 Nc2+ 51. Qxc2+ bxc2 52. Kb2 d4 53. exd4+ Kxd4 54. h8Q+ Ke4 55. Qf6 Ke3 56. Kxc2 Ke2 57. Qe5+ Kf1 58. Qh2 Ke1 59. Kd3 Kf1 60. Ke3 Ke1 61. Qe2# 1-0